| 000 | 00939nam0a2200313 i 4500 | ||
|---|---|---|---|
| 001 | RU\NLR\BIBL_A\010001789 | ||
| 005 | 20240726091251.0 | ||
| 010 |
_a9785997324971 _950 |
||
| 021 |
_aRU _b13-76415 |
||
| 035 | _a(NLR Aleph) 010001789 | ||
| 090 |
_a9799435 _c9799435 |
||
| 100 | _a20131106d2013 u y0rusy50 ca | ||
| 101 | 0 | _arus | |
| 102 | _aRU | ||
| 105 | _ay|||z|||000gy | ||
| 200 | 1 |
_aЯ люблю тебя, Россия _eстихи _fЛев Гезин |
|
| 210 |
_aМосква _cСпутник+ _d2013 |
||
| 215 |
_a15 с. _d21 |
||
| 675 | _a821.161.1-1 | ||
| 686 | 2 | _aШ6(2=Р)8-5 | |
| 700 | 1 |
_aГезин _bЛ. И. _gЛев Исаакович |
|
| 801 | 0 |
_aRU _bRuMoRKP _c20130923 _gRCR |
|
| 801 | 2 |
_aRU _bРГБ _c20131002 _grcr |
|
| 801 | 1 |
_aRU _bRuMoRKP _c20130923 _2rusmarc |
|
| 942 | _cBOOK | ||
| 980 | _aNBR | ||